000
00330nam a2200133Ia 4500
008
220204s9999 xx 000 0 und d
082
_a
371.3
_b
KOC
100
_a
KOCHHAR, S K
245
0
_a
Methods and techniques of teaching
250
_a
Ed.3
260
_a
New Delhi
_b
Sterling
_c
1978
650
_a
Teaching methods
942
_c
BK
999
_c
32521
_d
32521